| 000 | 00513nam a2200145 a 4500 | ||
|---|---|---|---|
| 001 | 000036593 | ||
| 005 | 20200930075822.0 | ||
| 008 | 120123s2000 dr abc 000 0 spa d | ||
| 040 |
_aDO-SdBNP _spa _cBNPHU |
||
| 245 | 0 | 3 |
_aEl progreso en la salud de la población : _binforme anual del director 2000 /. |
| 260 |
_aWashington : _bOrganización Panamericana de la Salud, _c2000. |
||
| 300 |
_a145 p. : _bil., mapas, retrs. ; _c28 cm. |
||
| 490 | 1 |
_aDocumentos oficiales _v298 |
|
| 830 | 0 |
_aDocumentos oficiales _n298 _962867 |
|
| 999 |
_c36084 _d36084 |
||